| 000 | 00739nam a2200253Ia 4500 | ||
|---|---|---|---|
| 003 | OSt | ||
| 005 | 20220925222926.0 | ||
| 006 | a|||||r|||| 00| 0 | ||
| 007 | ta | ||
| 008 | 220923b |||||||| |||| 00| 0 eng d | ||
| 020 | _a1861891180 | ||
| 037 | _cGeneral Book | ||
| 040 |
_aRTL _cRTL _beng |
||
| 041 |
_2eng _aeng |
||
| 082 | _aY:3(ND,9(Q).58.M, P2 | ||
| 100 |
_aTarasov Oleg _9288572 |
||
| 245 | 0 |
_aIcon and devotion _b Sacred spaces in Imperial Russia |
|
| 260 |
_aLondon _bReaktion Books _c2002 |
||
| 300 |
_a416p _ccm. |
||
| 500 | _aBibliography: P 391-402 | ||
| 650 |
_aSociology of Iconography _9288573 |
||
| 942 |
_hY:3(ND,9(Q).58.M, P2 _cGB _2CC |
||
| 999 |
_c578161 _d578161 |
||